Ang alamat ng mangga / (Record no. 21991)

000 -LEADER
fixed length control field 00561nam a22001577a 4500
003 - CONTROL NUMBER IDENTIFIER
control field OSt
005 - DATE AND TIME OF LATEST TRANSACTION
control field 20260127090533.0
008 - FIXED-LENGTH DATA ELEMENTS--GENERAL INFORMATION
fixed length control field 260127b xxu|a||| |||| 00| 0 eng d
040 ## - CATALOGING SOURCE
Transcribing agency csu
100 ## - MAIN ENTRY--PERSONAL NAME
Personal name Copception, Ofelia
Relator term author.
245 ## - TITLE STATEMENT
Title Ang alamat ng mangga /
Statement of responsibility, etc muling isinalaysay ni : Ofelia Conception : guhit ni Randy Torres
260 ## - PUBLICATION, DISTRIBUTION, ETC. (IMPRINT)
Place of publication, distribution, etc [Place of publication not identified] :
Name of publisher, distributor, etc [name of publisher not identified],
Date of publication, distribution, etc [date of publication not identified].
300 ## - PHYSICAL DESCRIPTION
Extent 24 pages :
Other physical details illustrations.
700 ## - ADDED ENTRY--PERSONAL NAME
Personal name Randy Torres
Relator term gumuhit.
942 ## - ADDED ENTRY ELEMENTS (KOHA)
Source of classification or shelving scheme
Koha item type Books
Holdings
Price effective from Permanent Location Date last seen Not for loan Date acquired Source of classification or shelving scheme Koha item type Lost status Withdrawn status Copy number Source of acquisition Collection code Damaged status Barcode Shelving location Current Location Full call number
2026-01-22Cagayan State University - Carig Library2026-01-27 2026-01-27 Books  1DonationsChildren Section C0001033Children SectionCagayan State University - Carig LibraryCS C1033 C7442

Cagayan State University University Library, Carig Campus
Tuguegarao City, Cagayan 3500 | www.csucarig.edu.ph

Powered by Koha